ბათუმის შოთა რუსთაველის სახელმწიფო უნივერსიტეტის ბიბლიოთეკა

ბიზნესმოდელების ნავიგატორი : (ბიბ.ჩანაწერი № 62081)

000 -ლიდერი
ფიქსირებული სიგრძის საკონტროლო ველი 01811nam a22002657a 4500
003 - საკონტროლო ნომრის იდენტიფიკატორი
საკონტროლო ველი Ge_BSU
005 - ბოლო ოპერაციის თარიღი და დრო
საკონტროლო ველი 20240704161710.0
008 - ფიქსირებული სიგრძის მონაცემთა ელემენტები - ზოგადი ინფორმაცია
ფიქსირებული სიგრძის საკონტროლო ველი 240704s2020 ge ||||| |||| 00| 0 geo d
020 ## - წიგნის საერთაშორისო სტანდარტული ნომერი
International Standard Book Number 9789941320316
041 ## - ენის კოდი
Language code of text/sound track or separate title geo
080 ## - უნივერსალური ათობითი კლასიფიკაციის ინდექსი
Universal Decimal Classification number 338.22+005.511გ-22
100 ## - მთავარი ჩანაწერი - პიროვნების სახელი
Personal name გასმანი, ოლივერ, ავტორი.
9 (RLIN) 22717
245 ## - ცნობა სათაურის შესახებ
Title ბიზნესმოდელების ნავიგატორი :
Remainder of title 55 წარმატებული ბიზნესმოდელი /
Statement of responsibility, etc ოლივერ გასმანი, კაროლინ ფრანკენბერგერი, მიქაელა ცზიკი ; ინგლისურიდან თარგმნა ანა აფციაურმა ; რედაქტორი თეა ბარამაშვილი ; წინასიტყვაობა ანა ცხოვრებაძე ; დიზაინერი სალომე საბანაძე.
264 ## - წარმოების, გამოცემის, დისტრიბუციის და სხვა ცნობები
გამოცემის, წარმოების, დისტრიბუციის... ადგილი თბილისი :
გამოცემის, წარმოების, დისტრიბუციის... სახელწოდება პალიტრა L,
გამოცემის, წარმოების, დისტრიბუციის... თარიღი 2020.
300 ## - ფიზიკური აღწერა
Extent 464 გვ. ;
Other physical details 23 სმ.
440 ## - სერიის ცნობა / დამატებულია ჩანაწერი - სათაური
Title ლურჯი ოკეანე
9 (RLIN) 13234
500 ## - ზოგადი შენიშვნა
General note წიგნი გამოცემულია კომპანია "ჯეპრასთან" თანამშრომლობით.
653 ## - INDEX TERM--UNCONTROLLED
Uncontrolled term ბიზნესის მართვა. ბიზნესმოდელი
653 ## - INDEX TERM--UNCONTROLLED
Uncontrolled term ეკონომიკა
653 ## - INDEX TERM--UNCONTROLLED
Uncontrolled term მენეჯმენტი
700 ## - ADDED ENTRY--PERSONAL NAME
Personal name ფრანკენბერგერი, კაროლინ
9 (RLIN) 22718
700 ## - ADDED ENTRY--PERSONAL NAME
Personal name ცზიკი, მიქაელა
9 (RLIN) 22719
700 ## - ADDED ENTRY--PERSONAL NAME
Personal name აფციაური, ანა
Relator term მთარგმნელი და სხვ.
9 (RLIN) 16154
942 ## - ADDED ENTRY ELEMENTS (KOHA)
Source of classification or shelving scheme
Koha item type წიგნი
ეგზემპლარები
ჩამოწერის სტატუსი დაკარგული ეგზემპლარის სტატუსი კლასიფიკაციის წყარო ან თაროზე გაწყობის სქემა დაზიანების სტატუსი არ გაიცემა მუდმივი მდებარეობა (დაცვის ადგილი) ამჟამინდელი ადგილსამყოფელი თაროზე განთავსების ადგილი შეძენის თარიღი ღირებულება, შესყიდვის ნორმალური ფასი სრული შენახვის შიფრი შტრიხკოდი ბოლო ოპერაციის თარიღი ეგზემპლარის მიმდევრობითი ნომერი (კეტერი?) ფასის ძალაში შესვლის თარიღი ეგზემპლარის სახეობა საჯარო შენიშვნა
          ბათუმის შოთა რუსთაველის სახელმწიფო უნივერსიტეტის მთავარი ბიბლიოთეკა ბათუმის შოთა რუსთაველის სახელმწიფო უნივერსიტეტის მთავარი ბიბლიოთეკა წიგნსაცავი 2024-07-04 17.00 338.22+005.511გ-22 68447 2024-07-04 68447 2024-07-04 წიგნი 17ლ.95თ.
          ბათუმის შოთა რუსთაველის სახელმწიფო უნივერსიტეტის მთავარი ბიბლიოთეკა ბათუმის შოთა რუსთაველის სახელმწიფო უნივერსიტეტის მთავარი ბიბლიოთეკა წიგნსაცავი 2024-07-04 17.00 338.22+005.511გ-22 68448 2024-07-04 68448 2024-07-04 წიგნი 17ლ.95თ.
          ბათუმის შოთა რუსთაველის სახელმწიფო უნივერსიტეტის მთავარი ბიბლიოთეკა ბათუმის შოთა რუსთაველის სახელმწიფო უნივერსიტეტის მთავარი ბიბლიოთეკა წიგნსაცავი 2024-07-04 17.00 338.22+005.511გ-22 68449 2024-07-04 68449 2024-07-04 წიგნი 17ლ.95თ.
          ბათუმის შოთა რუსთაველის სახელმწიფო უნივერსიტეტის მთავარი ბიბლიოთეკა ბათუმის შოთა რუსთაველის სახელმწიფო უნივერსიტეტის მთავარი ბიბლიოთეკა წიგნსაცავი 2024-07-04 17.00 338.22+005.511გ-22 68450 2024-07-04 68450 2024-07-04 წიგნი 17ლ.95თ.
          ბათუმის შოთა რუსთაველის სახელმწიფო უნივერსიტეტის მთავარი ბიბლიოთეკა ბათუმის შოთა რუსთაველის სახელმწიფო უნივერსიტეტის მთავარი ბიბლიოთეკა წიგნსაცავი 2024-07-04 17.00 338.22+005.511გ-22 68451 2024-07-04 68451 2024-07-04 წიგნი 17ლ.95თ.